000 00633nam a22001817a 4500
005 20251108164255.0
008 250721s1994 xx 000 0 ara d
082 1 4 _a351.7/عبد
100 1 _aمحمود، عبد الله محمد
245 1 0 _aالأحكام الإجرائية و الموضوعية للتظلم من القرارات الإدارية :
_bدراسة نظرية ... /
264 1 _aطنطا :
_bجامعة طنطا،
_c1994.
300 _a281ص
500 _aرسالة ماجستير
650 1 7 _aالقضاء الإداري
650 1 7 _aالقانون الإدراي
942 _2ddc
_cBK
999 _c8091
_d8091